000257113 001__ 257113
000257113 005__ 20240928175229.0
000257113 0247_ $$aG:(GEPRIS)398748801$$d398748801
000257113 035__ $$aG:(GEPRIS)398748801
000257113 040__ $$aGEPRIS$$chttp://gepris.its.kfa-juelich.de
000257113 150__ $$aKanonische Dimension und Operationen von endlichen Gruppen auf algebraischen Varietäten$$y2018 - 2024
000257113 371__ $$aPrivatdozent Dr. Olivier Haution
000257113 450__ $$aDFG project G:(GEPRIS)398748801$$wd$$y2018 - 2024
000257113 5101_ $$0I:(DE-588b)2007744-0$$aDeutsche Forschungsgemeinschaft$$bDFG
000257113 680__ $$aDas Ziel des Heisenberg-Programms ist es, herausragenden Wissenschaftlerinnen und Wissenschaftlern, die alle Voraussetzungen für die Berufung auf eine Langzeit-Professur erfüllen, zu ermöglichen, sich auf eine wissenschaftliche Leitungsfunktion vorzubereiten und in dieser Zeit weiterführende Forschungsthemen zu bearbeiten. In der Verfolgung dieses Ziels müssen nicht immer projektförmige Vorgehensweisen gewählt und realisiert werden. Aus diesem Grunde wird bei der Antragstellung und auch später bei der Abfassung von Abschlussberichten - anders als bei anderen Förderinstrumenten - keine "Zusammenfassung" von Projektbeschreibungen und Projektergebnissen verlangt. Somit werden solche Informationen auch in GEPRIS nicht zur Verfügung gestellt.
000257113 909CO $$ooai:juser.fz-juelich.de:923716$$pauthority$$pauthority:GRANT
000257113 909CO $$ooai:juser.fz-juelich.de:923716
000257113 980__ $$aG
000257113 980__ $$aAUTHORITY